Statistics for JLS Songs

Click here to take the quiz!

General Stats

  • This quiz has been taken 291 times
  • The average score is 4 of 11

Answer Stats

HintAnswer% Correct
Sleeping with my ____________ shuteyes wide
97%
If you come to my ________ would you cry?funeral
72%
She's the _____________ you read about, in magazines...kind of girl
55%
Girl i'm walking on a _________tightrope
41%
With a _________ bad as minegirl as
33%
What am i going to do when thelast song sover
29%
I thik her eyes are ____________ mehypnotising
14%
I'll race you to the ________sun
10%
And would it _________ you, baby?haunt
9%
I _________ it's a quarter past threelie awake
2%
Yeah i know ___________she bad
2%

Score Distribution

Percentile by Number Answered

Percent of People with Each Score

Your Score History

You have not taken this quiz